000 00904nam a22003017a 4500
001 BR2012003326
003 BR-BrBNA
005 20230928103956.0
007 ta
008 230509b bl.||||| |||| 00| 0 por d
040 _aBR-BrBNA
_bpor
_cBiblioteca Nacional de Agricultura
041 _a(Por)
072 _aN01
090 _ N01 BR2012003326
100 1 _aRamos, C.N.
110 1 _aInstituto Nacional de Colonização e Reforma Agrária, Brasília, DF (Brasil)
245 1 _aEletrificação rural cooperativada restrospectiva
260 3 _aBrasília, DF (Brasil):
_c2008.
300 _a222 p.
500 _aCD-ROM; Bibliography p. 214-216; 126 illus.; 23 graphs.; 19 tables
650 _aELETRIFICAÇÃO RURAL
650 _aCOOPERATIVISMO
650 _aFINANCIAMENTO
650 _aDADOS ESTATÍSTICOS
650 _aCADASTRO
909 _a202309
_bLucia
_c55
_dLucia Elande
942 _cBK
999 _c77506
_d77506